000 00954nam a2200229 i 4500
001 bg
111 2 _aKrajowa Konferencja Mechaniki Płynów
_n(13 ;
_d1998 ;
_cCzęstochowa).
245 0 5 _aXIII Krajowa Konferencja Mechaniki Płynów :
_bCzęstochowa, 21-26 września 1998.
_nT. 3 /
_c[Polska Akademia Nauk. Komitet Mechaniki. Sekcja Mechaniki Płynów, Politechnika Częstochowska. Instytut Maszyn Cieplnych].
260 _aCzęstochowa :
_bWydaw. PC,
_c1998.
300 _a279 s. :
_bfot., rys., wykr. ;
_c24 cm.
500 _aTekst częśc. ang. - Streszcz. pol., ang. przy ref.
504 _aBibliogr. przy ref.
650 9 _aMechanika płynów
655 _aMateriały konferencyjne
710 0 _aPolska Akademia Nauk
_bSekcja Mechaniki Płynów
710 0 _aPolitechnika Częstochowska
_bInstytut Maszyn Cieplnych
040 _cBPK
041 0 _aplen
_benpl
080 _a532(061)
942 _cKS
008 s pl f |000 0 pol
999 _c37821
_d37821
856 _uhttp://koha.tu.koszalin.pl/cgi-bin/koha/opac-detail.pl?biblionumber=37821
_yKatalog online BPK